| 000 | 00407nam a2200181Ia 4500 | ||
|---|---|---|---|
| 005 | 20250603144630.0 | ||
| 008 | 250603s9999 xx 000 0 und d | ||
| 020 | _a978-0-367-35716-0 | ||
| 050 | _aQH 601 .W45/ | ||
| 100 | _aWhite, Stephen H | ||
| 245 | 0 | _aCell boundaries | |
| 260 | _aBoca Raton | ||
| 260 | _bCRC Press | ||
| 260 | _c2022 | ||
| 300 | _a546 p | ||
| 650 | _aBoca Raton | ||
| 942 | _cBK | ||
| 999 |
_c39495 _d39495 |
||